00358 a2200133 4500003000500000005001700005020002500022035002400047040000900071100001600080245008800096260002900184300001100213Nust20170207165003.0 a9780470753620 (inb.) a(BOKR)9780470753620 cNust1 aNyholm, Ken10aStrategic Asset Allocation in Fixed Income Markets: A Matlab based user's g(E BOOK) bJohn Wiley & Sons,c2008 a200 p.